000 00791nam a2200205 a 4500
001 000042736
005 20201002040347.0
008 140206s1970 mx 000 0 spa d
040 _aDO-SdBNP
_bspa
_cBNPHU
082 _axxxx
_bV696c, 1970
100 1 _aVilalta, Maruxa
_d1932-
_970052
245 1 0 _a5 obras de teatro /
_cMaruxa Vilalta.
246 1 0 _aCinco obras de teatro
250 _a3a ed.
260 _aMéxico :
_bSecretaría de Educación Pública,
_c1970.
300 _a227 p. ;
_c17 cm.
490 1 _aCuadernos de lectura popular
_ala honda del espíritu
_v285
505 0 _aUn país feliz--
_tSoliloquio del tempo--
_tUn día loco--
_tLa última letra--
_tEl 9 [nueve] --
_tOtras obras de Maruxa Vilalta--
830 0 _aCuadernos de lectura popular
_pLa honda del espíritu
_n285
_970053
999 _c42225
_d42225